| 000 | 01732cam a2200337 a 4500 | ||
|---|---|---|---|
| 001 | 2962571 | ||
| 003 | NUST - PNEC | ||
| 005 | 20170116181126.0 | ||
| 008 | 910206s1991 dcuc b 000 1 eng | ||
| 010 | _a 91050117 | ||
| 020 |
_a0894106821 (pbk.) : _c$11.00 |
||
| 020 |
_a0894106813 (cloth) : _c$25.00 |
||
| 040 |
_aDLC _cLIBRARY _dDLC |
||
| 041 | 1 |
_aeng _hurd |
|
| 050 | 0 | 0 |
_aPK2211.E8 _bT3 1991 |
| 082 | 0 | 0 |
_a891.43930108 MEN _220 |
| 100 |
_913686 _aMemon, Muhammad Umar |
||
| 245 | 0 | 4 |
_aThe Tale of the old fisherman :contemporary Urdu short stories _c Muhammad Umar Memon. |
| 250 | _a1st ed. | ||
| 260 |
_aWashington, D.C. : _bThree Continents Press, _cc.1992 |
||
| 300 |
_a187 p. : _bports. ; _c23 cm. |
||
| 500 | _aTranslation of Urdu stories. | ||
| 500 | _a"An Original by Three Continents Press." | ||
| 504 | _aIncludes bibliographical references. | ||
| 505 | 0 | _aPurvai--the easterly wind / Zamiruddin Ahmad -- The wagon / Khalida Asghar -- Of coconuts and chilled beer bottles / Masud Ashar -- Fire, ashes, and water / Saleem Asmi -- The seventh door / Intizar Husain -- The tale of the old fisherman / Abdullah Hussein -- Two men, slightly wet / Iqbal Majeed -- The poor dears / Hasan Manzar -- The dark alley / Muhammad Umar Memon -- Wood chopped in the jungle / Surender Parkash -- Siberia / Muhammad Salimur Rahman -- Scorpion, cave, pattern / Enver Sajjad. | |
| 650 | 0 |
_aShort stories, Urdu _vTranslations into English. _xFiction |
|
| 700 | 1 |
_aMemon, Muhammad Umar, _d1939- |
|
| 906 |
_a7 _bcbc _corignew _d1 _eocip _f19 _gy-gencatlg |
||
| 942 |
_2ddc _cBK |
||
| 999 |
_c69750 _d69750 |
||